Artistas Sulistas - Morte Súbita - Statistics

Estatísticas Gerais
  • Esse quiz foi jogado 178 vezes
  • A pontuação média é 4 de 16
Answers on the Grid
Answers color-coded by a green-red scale on the quiz's grid according to % correct below.
Whindersson Nunes
Fábio Porchat
Dani Calabresa
Deborah Secco
Carolina Dieckmann
Luísa Sonza
Gisele Bündchen
Adriana Lima
MC Pipokinha
Andressa Urach
Larissa Manoela
Didi
Beto Carrero
Xuxa
Luciano Huck
Grazi Massafera
Fernanda Lima
Ana Hickmann
Eliana
Gil do Vigor
Ana Maria Braga
Fábio Jr.
Christian Figueiredo
Rodrigo Hilbert
Vitor Kley
Mário Quintana
Caio Fernando Abreu
Érico Veríssimo
Ariano Suassuna
Clarice Lispector
Elis Regina
Anita Malfatti
 
Estatísticas das Respostas
Resposta % Correto
Xuxa
56%
Gisele Bündchen
46%
Luísa Sonza
40%
Ana Hickmann
38%
Fernanda Lima
35%
Elis Regina
29%
Rodrigo Hilbert
29%
Vitor Kley
29%
Andressa Urach
27%
Érico Veríssimo
27%
Grazi Massafera
25%
Mário Quintana
17%
Larissa Manoela
15%
MC Pipokinha
8%
Caio Fernando Abreu
4%
Christian Figueiredo
4%
Nenhum quiz correspondente encontrado
Distribuição das Pontuações
Porcentagem de Pessoas com Cada Pontuação
Percentil de Números Respondidos
Sua Pontuação Histórica
Você não jogou esse quiz